<?xml version="1.0" encoding="UTF-8"?>
<collection xmlns="http://www.loc.gov/MARC21/slim">
 <record>
  <leader>02956naa a2200289 a 4500</leader>
  <controlfield tag="001">1/42762</controlfield>
  <controlfield tag="008">120711s2004    ne  a    b    001 0 eng  </controlfield>
  <datafield tag="020" ind1=" " ind2=" ">
   <subfield code="a">9780120644773 (e-book : PDF)</subfield>
  </datafield>
  <datafield tag="035" ind1=" " ind2=" ">
   <subfield code="l">45636</subfield>
  </datafield>
  <datafield tag="040" ind1=" " ind2=" ">
   <subfield code="a">OPELS</subfield>
   <subfield code="c">OPELS</subfield>
   <subfield code="d">GR-PeUP</subfield>
  </datafield>
  <datafield tag="041" ind1="0" ind2=" ">
   <subfield code="a">eng</subfield>
  </datafield>
  <datafield tag="245" ind1="0" ind2="0">
   <subfield code="a">Environmental monitoring and characterization</subfield>
   <subfield code="h">[electronic resource] /</subfield>
   <subfield code="c">[edited by] Janick F. Artiola, Ian L. Pepper, Mark L. Brusseau.</subfield>
  </datafield>
  <datafield tag="260" ind1=" " ind2=" ">
   <subfield code="a">Amsterdam ;</subfield>
   <subfield code="a">Boston :</subfield>
   <subfield code="b">Elsevier Academic Press,</subfield>
   <subfield code="c">c2004.</subfield>
  </datafield>
  <datafield tag="300" ind1=" " ind2=" ">
   <subfield code="a">Ένα html e-book.</subfield>
  </datafield>
  <datafield tag="504" ind1=" " ind2=" ">
   <subfield code="a">Περιέχει βιβλιογραφία και ευρετήριο.</subfield>
  </datafield>
  <datafield tag="520" ind1=" " ind2=" ">
   <subfield code="a">Environmental Monitoring and Characterization is an integrated, hands-on resource for monitoring all aspects of the environment. Sample collection methods and relevant physical, chemical and biological processes necessary to characterize the environment are brought together in twenty chapters which cover: sample collection methods, monitoring terrestrial, aquatic and air environments, and relevant chemical, physical and biological processes and contaminants. This book will serve as an authoritative reference for advanced students and environmental professionals. * Examines the integration of physical, chemical, and biological processes * Emphasizes field methods and real-time data acquisition, made more accessible with case studies, problems, calculations, and questions * Includes four color illustrations throughout the text * Brings together the concepts of environmental monitoring and site characterization.</subfield>
  </datafield>
  <datafield tag="505" ind1="0" ind2=" ">
   <subfield code="a">1 Monitoring and Characterization of the Environment -- 2 Sampling and Data Quality Objectives in Environmental Monitoring -- 3 Statistics and Geostatistics in Environmental Monitoring -- 4 Automated Data Acquisition and Processing -- 5 Maps in Environmental Monitoring -- 6 Geographic Information Systems and Their Use for Environmental Monitoring -- 7 Soil and Vadose Zone Sampling -- 8 Groundwater Sampling -- 9 Monitoring Surface Waters -- 10 Monitoring Near-Surface Air Quality -- 11 Remote Sensing for Environmental Monitoring -- 12 Environmental Physical Properties and Processes -- 13 Chemical Properties and Processes -- 14 Environmental Microbial Properties and Processes -- 15 Physical Contaminants -- 16 Chemical Contaminants -- 17 Microbial Contaminants -- 18 Soil and Groundwater Remediation -- 19 Ecological Restoration -- 20 Risk Assessment and Environmental Regulations.</subfield>
  </datafield>
  <datafield tag="650" ind1=" " ind2="4">
   <subfield code="a">Environmental monitoring.</subfield>
  </datafield>
  <datafield tag="650" ind1=" " ind2="4">
   <subfield code="a">Environnement</subfield>
   <subfield code="x">Surveillance.</subfield>
  </datafield>
  <datafield tag="655" ind1=" " ind2="4">
   <subfield code="a">Electronic books.</subfield>
  </datafield>
  <datafield tag="700" ind1="1" ind2=" ">
   <subfield code="a">Artiola, Janick F.</subfield>
  </datafield>
  <datafield tag="700" ind1="1" ind2=" ">
   <subfield code="a">Pepper, Ian L.</subfield>
  </datafield>
  <datafield tag="700" ind1="1" ind2=" ">
   <subfield code="a">Brusseau, Mark L.</subfield>
  </datafield>
  <datafield tag="852" ind1=" " ind2=" ">
   <subfield code="a">INST</subfield>
   <subfield code="b">UNIPILB</subfield>
   <subfield code="c">EBOOKS</subfield>
   <subfield code="e">20120711</subfield>
   <subfield code="p">00b45636</subfield>
   <subfield code="q">00b45636</subfield>
   <subfield code="t">ONLINE</subfield>
   <subfield code="y">0</subfield>
  </datafield>
  <datafield tag="856" ind1="4" ind2="0">
   <subfield code="u">http://www.sciencedirect.com/science/book/9780120644773</subfield>
  </datafield>
  <datafield tag="856" ind1="4" ind2="0">
   <subfield code="3">Table of contents</subfield>
   <subfield code="u">http://www.loc.gov/catdir/toc/ecip049/2003020654.html</subfield>
  </datafield>
  <datafield tag="856" ind1="4" ind2=" ">
   <subfield code="d">/webopac/covers/03/45636_9780120644773.jpg</subfield>
   <subfield code="z">(e-book : PDF)</subfield>
  </datafield>
 </record>
</collection>
